Normal view
MARC view
- Thin-walled structures
Entry Topical Term
001 - CONTROL NUMBER
- control field: 42689
003 - CONTROL NUMBER IDENTIFIER
- control field: NUST
005 - DATE AND TIME OF LATEST TRANSACTION
- control field: 20210314132404.0
008 - FIXED-LENGTH DATA ELEMENTS
- fixed length control field: 210314|| aca||aabn | a|a d
040 ## - CATALOGING SOURCE
- Original cataloging agency: NUST
- Transcribing agency: NUST
150 ## - HEADING--TOPICAL TERM
- Topical term or geographic name entry element: Thin-walled structures
670 ## - SOURCE DATA FOUND
- Source citation: Work cat.: (NUST): Jhon W Bull 42688, Finite element applications to thin-walled structures /, c1990.
